| 000 | 00987nas a2200289 4500 | ||
|---|---|---|---|
| 001 | BR9208071 | ||
| 003 | BR-BrBNA | ||
| 005 | 20231205093057.0 | ||
| 007 | ta | ||
| 008 | 230509b bl.|||p| |||| 00| 00por d | ||
| 040 |
_aBR-BrBNA _bpor _cBiblioteca Nacional de Agricultura |
||
| 041 | _a(Pt) | ||
| 072 | _aQ03; Q05 | ||
| 100 | 1 | _aOliveira, C.A.F. de | |
| 100 | 1 | _aMiguel, O. | |
| 100 | 1 | _aGermano, M.I.S. | |
| 100 | 1 | _aGermano, P.M.L. | |
| 245 | 1 | _aUtilizacao de aditivos intencionais nos alimentos e sua relacao com a saude publica | |
| 246 | 1 | _aUse of food additives and its relationship with the public health | |
| 650 | _aALIMENTO | ||
| 650 | _aSAUDE PUBLICA | ||
| 650 | _aINSPECAO SANITARIA | ||
| 650 | _aADITIVO | ||
| 773 | 0 |
_tComunicacoes Cientificas da Faculdade de Medicina Veterinaria e Zootecnia da Universidade de Sao Paulo (Brazil) _xISSN 0100-3313 _g(1989), v. 13(2) p. 65-73 _wBR9208071 |
|
| 909 |
_a202311 _bLúcia _c55 _dLúcia Elande |
||
| 942 |
_2AGRIS _n0 _cANA |
||
| 999 |
_c136095 _d136095 |
||